02001nab a2200289uuc4500001000800000005001700008008004100025035001200066035002100078040001300099041000800112100004100120245009600161260001000257520092000267650003201187650004201219650006901261650006001330700004401390700004501434700004801479700004701527773010801574942001001682999001901692122617220240202100431.0101202s2009 spa  a1226172 a(OCoLC)820568248 ccomduadb aspa10aRios Erazo, Matias4auteaut960023810aPerfil psicológico de los estudiantes de primer año de enfermería: estudio preliminar c2009.3 aLa presente investigación tuvo como propósito elaborar un perfil de los estudiantes de primer año de la carrera de Enfermería de la Universidad Santo Tomás, con la finalidad de obtener información sobre los diversos ámbitos del funcionamiento del alumno. Se realizó un estudio de tipo exploratorio-descriptivo, con una muestra compuesta por 71 sujetos de ambos sexos. A éstos se les aplicaron los inventarios de personalidad MIPS (Inventario Millón de Estilos de Personalidad) y el POI (Inventario de Auto-Actualización Personal). Los resultados indican que los sujetos en el MIPS manifiestan una presencia marcada de los rasgos: apertura, sensación, sistematización, firmeza, conformismo y control. Los hallazgos del POI indican que los estudiantes presentan un alto nivel de autoaprecio, y un adecuado nivel de autonomía, espontaneidad, autoaceptación y aceptación de la agresión aPerfil psicológico938024 7aEstudiantes de enfermeria2dcs921633 aMIPS (Inventario de estilos de personalidad de Millón)9108646 aInventario de auto-actualizacion personal (POI)918846610aMoncada Arroyo, Laura4auteaut959623810aLlanos Roman, Gabriela4auteaut959623910aSantana Gonzalez, Rosario4auteaut959624010aSalinas Galvez, Herminia4auteaut95962410 tCiencia y Enfermería (Concepción)gVol. 15, No. 01, Abr. 2009, p. 99-108w375331x0717-20790111071 cARIMP c568873d568873